000 01596nam a2200373 c 4500
003 BLK
005 20180422102624.0
008 180408b bul|||||r ||||||| ||bul||
010 _aKNG00067966000
020 _a954-524-484-4
_bиздат.: Унив. изд. Св. св. Кирил и Методий
040 _aBLK
041 _aBUL
_cBUL
_hCHI
080 _aКитайска литература
_b821.581
_x-82(082)(075.8)
_z821.581-82(082)(075.8)
700 1 _aБеливанова, Бора Димитрова
_eсъстав. и прев.
_9370305
139 _aДревнокитайска литература
_bД 88
245 1 0 _aДревнокитайска литература
_bХристоматия
_cсъстав. и прев. Бора Димитрова Беливанова.
257 _aKIT
260 В. Търново
_bУнив. изд. Св. св. Кирил и Методий
_c2005
300 _a240 с.
_bс ил.
_c20 см
380 _aX
500 _aВ кн. означено 2. прераб. изд. - Офс. изд. - Парал. текст на кит. ез.
650 4 _aКитайска литература
_9291580
653 _aкитайска литература
653 _aкитайска философия
653 _aмитология
653 _aисториография
653 _aфолклор
653 _aхристоматии
852 _aЦб 229077
856 4 _qpdf
_u
856 4 _qpdf
_u
942 _cKNG
_n0
944 _aCR
_c18.09.2006
_kГеновева_Генчева
944 _aED
_c02.08.2017
_kВиолета_Тройчева
999 _c63708
_d63708